000 00266nas a2200121Ia 4500
008 230918c99999999xx |||||||||||| ||und||
040 _aMAIN
041 _aEnglish
245 0 _aFocus
260 _bThe American Geographical soceity
500 _aXXX
942 _cBV
999 _c234268
_d234268